| 000 | 01219cab a2200349 4500 | ||
|---|---|---|---|
| 001 | ABS46399 | ||
| 008 | 090401t1992 xxu||||| |||| 00| 0 eng d | ||
| 035 | _a(Sirsi) u58059 | ||
| 041 | _aeng | ||
| 100 | _aMoyes, M. | ||
| 245 | _aEuropean directives - public procurement contracts | ||
| 260 | _c1992 | ||
| 350 | _a0 | ||
| 490 |
_aEstates Gazette _v(9217) 2 May 1992, 78-79(2) |
||
| 520 | _aOutlines the EC directives aimed at opening up public procurement in the Community: the public works, public supplies and utilities directives. Also covers the proposed legislation for procurement of services, such as financial services, by public authorities and the implications of this for pension schemes. | ||
| 650 | _aARCHITECTS | ||
| 650 | _aEC DIRECTIVES | ||
| 650 | _aENGINEERS | ||
| 650 | _aFINANCIAL SERVICES | ||
| 650 | _aPENSION SCHEMES | ||
| 650 | _aPLANNING | ||
| 650 | _aPUBLIC PROCUREMENT | ||
| 650 | _aDIRECTIVE 93/36/EEC | ||
| 650 | _aDIRECTIVE 93/37/EEC | ||
| 650 | _aSERVICES DIRECTIVE | ||
| 650 | _aTHRESHOLDS | ||
| 650 | _aUTILITIES DIRECTIVE | ||
| 690 | _aBUILT ENVIRONMENT-BUILDING CONTRACT FORMS | ||
| 690 | _aEUROPE-SINGLE MARKET | ||
| 942 | _n0 | ||
| 948 | _c04/03/1997 | ||
| 999 |
_c35418 _d35418 |
||